| 000 | 00622nam a22001937a 4500 | ||
|---|---|---|---|
| 005 | 20240215115815.0 | ||
| 010 | _aENG-139281 | ||
| 020 |
_a978-8-1908421-8-1 _c3,995.00/ |
||
| 035 | _aEN-122813 | ||
| 037 | _bDBAD/PUB | ||
| 082 | _a639.950954 | ||
| 100 |
_aJaya ,M.N. _962107 |
||
| 245 |
_aLife in the jungle/ _cM.N. Jayakumar; _bMemoirs of a forestar |
||
| 260 |
_aBanglore _bKrab medi& Marketing _c2013 |
||
| 270 |
_a766 , 2nd floor , off Road , Banashankari 2nd stage _bBanglore _e560 070 |
||
| 300 |
_a239 p. _c27cm(pbk) |
||
| 700 |
_aM.N. Jayakumar _962108 |
||
| 942 |
_2ddc _cEN _h639.950954 _mJAY |
||
| 999 |
_c200760 _d200760 |
||